000 01457cam a22003374a 4500
001 14137673
003 ARRUPE
005 20150508020005.0
008 051011s2006 maua b 001 0 eng
010 _a 2005029637
020 _a1882982940
035 _a(OCoLC)ocm62093019
040 _aDLC
_cDLC
_dYDX
_dKUT
_dDLC
042 _apcc
050 0 0 _aLC990
_b.B73 2006
082 0 0 _a378.1/98
_222
100 1 _aBraskamp, Larry A.
_915249
245 1 0 _aPutting students first :
_bhow colleges develop students purposefully /
_cLarry A. Braskamp, Lois Calian Trautvetter, Kelly Ward.
260 _aBolton, Mass. :
_bAnker Pub. Co.,
_cc2006.
300 _axx, 246 p. :
_bill. ;
_c24 cm.
504 _aIncludes bibliographical references (p. 219-239) and index.
505 0 _aPutting students first -- Conceptual framework and design of the project -- Culture -- Curriculum -- Cocurriculum -- Community Creating communities that put students first.
650 0 _aHolistic education.
_915250
650 0 _aEducation, Humanistic.
_915251
650 0 _aEducation, Higher
_xAims and objectives.
_913272
700 1 _aTrautvetter, Lois Calian.
_915252
700 1 _aWard, Kelly
_q(Kelly Anne)
_915253
906 _a7
_bcbc
_corignew
_d1
_eecip
_f20
_gy-gencatlg
942 _2lcc
_cMONOGRAPH
_03
999 _c122085
_d122085